Kỹ thuật nuôi trồng thủy sản
Tài liệu “Kỹ thuật nuôi trồng thủy sản” được biên soạn từ tập hợp những tài liệu chuyên ngành các thông tin cập nhật trên mạng, từ kinh nghiệm của nhiều người canh tác và các tác giả khác. Nhằm cung cấp những tri thức và trao đổi phổ...
Na minha lista:
| Autor principal: | |
|---|---|
| Formato: | Livro |
| Idioma: | Undetermined |
| Publicado em: |
Hà Nội
Giáo dục Việt Nam
2009
|
| Assuntos: | |
| Tags: |
Adicionar Tag
Sem tags, seja o primeiro a adicionar uma tag!
|
| Thư viện lưu trữ: | Trung tâm Học liệu Trường Đại học Cần Thơ |
|---|
| LEADER | 01042nam a2200205Ia 4500 | ||
|---|---|---|---|
| 001 | CTU_176703 | ||
| 008 | 210402s9999 xx 000 0 und d | ||
| 020 | |c 29000 | ||
| 082 | |a 639.31 | ||
| 082 | |b H307 | ||
| 100 | |a Đỗ, Đoàn Hiệp | ||
| 245 | 0 | |a Kỹ thuật nuôi trồng thủy sản | |
| 245 | 0 | |c Đỗ Đoàn Hiệp, Phạm Tân Tiến | |
| 260 | |a Hà Nội | ||
| 260 | |b Giáo dục Việt Nam | ||
| 260 | |c 2009 | ||
| 520 | |a Tài liệu “Kỹ thuật nuôi trồng thủy sản” được biên soạn từ tập hợp những tài liệu chuyên ngành các thông tin cập nhật trên mạng, từ kinh nghiệm của nhiều người canh tác và các tác giả khác. Nhằm cung cấp những tri thức và trao đổi phổ biến kinh nghiệm xung quang lĩnh vưc này. | ||
| 650 | |a Aquaculture,Thủy sản,Nghề cá | ||
| 904 | |i Trọng Hiếu | ||
| 980 | |a Trung tâm Học liệu Trường Đại học Cần Thơ | ||